[Event "TUR-chT2"]
[Site "Konya"]
[Date "2011.07.05"]
[Round "2"]
[White "Ozdover, Mustafa Berkay"]
[Black "Gor, Onur"]
[Result "1-0"]
[WhiteElo "1842"]
[BlackElo "1926"]
[PlyCount "68"]
[EventDate "2011.07.04"]
[EventType "team-swiss"]
[EventRounds "9"]
[EventCountry "TUR"]
[SourceTitle "CBM 143 Extra"]
[Source "ChessBase"]
[SourceDate "2011.08.29"]
[SourceVersion "1"]
[SourceVersionDate "2011.08.29"]
[SourceQuality "1"]
[WhiteTeam "Kahramanmaras Belediye"]
[BlackTeam "Kocaeli Buyuksehir Kagit"]
[WhiteTeamCountry "TUR"]
[BlackTeamCountry "TUR"]

1. c4 Nf6 2. Nc3 e6 3. Nf3 d5 4. g3 a6 5. Bg2 d4 6. Na4 c5 7. 0-0 Ra7 8. b4 cxb4 9. Bb2 Nc6 10. e3 d3 11. Nd4 Bd7 12. Nb3 b6 13. c5 b5 14. Nb6 Be7 15. Nxd7 Qxd7 16. Nd4 Na5 17. a3 bxa3 18. Bc3 Qc7 19. Bxa5 Qxa5 20. Nc6 Qc7 21. Nxa7 Qxa7 22. Bc6+ Nd7 23. Rxa3 0-0 24. Bxd7 Qxd7 25. Rxa6 Bxc5 26. Qb3 Be7 27. Rfa1 h6 28. Ra7 Qd6 29. Qxb5 Bf6 30. R1a3 Rd8 31. Ra8 Rxa8 32. Rxa8+ Kh7 33. Ra7 Bc3 34. Rd7 Qc6 1-0

[Event "World School-ch U17 6th"]
[Site "Kayseri"]
[Date "2010.07.26"]
[Round "6"]
[White "Okay, Ilkin Ege"]
[Black "Gor, Onur"]
[Result "1-0"]
[WhiteElo "1872"]
[BlackElo "1871"]
[PlyCount "57"]
[EventDate "2010.07.21"]
[EventType "swiss"]
[EventRounds "9"]
[EventCountry "TUR"]
[SourceTitle "CBM 137 Extra"]
[Source "ChessBase"]
[SourceDate "2010.09.01"]
[SourceVersion "1"]
[SourceVersionDate "2010.09.01"]
[SourceQuality "1"]

1. e4 c5 2. Nf3 Nc6 3. d4 cxd4 4. Nxd4 Qb6 5. Nb3 Nf6 6. Nc3 e6 7. Bd3 a6 8. 0-0 Be7 9. Kh1 0-0 10. f4 d6 11. Qe2 Qc7 12. Bd2 b5 13. Rae1 Bb7 14. Rf3 g6 15. Rh3 b4 16. Nd1 e5 17. f5 Rfe8 18. Rf1 Qd8 19. Bg5 Bc8 20. Ne3 Nd4 21. Qf2 Nxb3 22. axb3 Ng4 23. Nxg4 Bxg5 24. fxg6 f6 25. Bc4+ Be6 26. Bxe6+ Rxe6 27. Qf5 Qe8 28. Rxh7 Re7 29. Qxg5 1-0

[Event "World School-ch U17 6th"]
[Site "Kayseri"]
[Date "2010.07.23"]
[Round "3"]
[White "Gor, Onur"]
[Black "Sagbas, Cagdas Gurkan"]
[Result "1-0"]
[WhiteElo "1871"]
[BlackElo "1782"]
[PlyCount "99"]
[EventDate "2010.07.21"]
[EventType "swiss"]
[EventRounds "9"]
[EventCountry "TUR"]
[SourceTitle "CBM 137 Extra"]
[Source "ChessBase"]
[SourceDate "2010.09.01"]
[SourceVersion "1"]
[SourceVersionDate "2010.09.01"]
[SourceQuality "1"]

1. d4 d5 2. c4 e6 3. Nc3 Nf6 4. Nf3 Be7 5. e3 0-0 6. Bd3 b6 7. 0-0 Bb7 8. Qe2 c5 9. Rd1 Qc7 10. b3 dxc4 11. Bxc4 Rd8 12. Bb2 cxd4 13. Nxd4 Nc6 14. Rac1 Rac8 15. Ncb5 Qb8 16. Nxc6 Rxd1+ 17. Qxd1 Bxc6 18. Nd4 Bb7 19. Nxe6 Rxc4 20. Rxc4 fxe6 21. Bxf6 Bxf6 22. Qd7 Qd8 23. Rc7 Qxd7 24. Rxd7 Ba6 25. Rxa7 Bd3 26. f3 Kf8 27. Kf2 Be7 28. Ke1 Kf7 29. Rd7 Bb1 30. Kd2 Ke8 31. Rb7 Bc5 32. Rxg7 Be7 33. e4 h6 34. Rh7 Kd7 35. Kc3 b5 36. Rxh6 Bg5 37. Rh7+ Kc6 38. h4 Bf6+ 39. Kd2 Be5 40. Rf7 Kc5 41. g4 Kb4 42. g5 Bxa2 43. g6 Bxb3 44. g7 Bc3+ 45. Kc1 Bxg7 46. Rxg7 Kc3 47. h5 Ba4 48. h6 b4 49. h7 b3 50. Rc7+ 1-0

[Event "Wch U16"]
[Site "Kemer"]
[Date "2009.11.20"]
[Round "9"]
[White "Barros, Raul Junior"]
[Black "Gor, Onur"]
[Result "0-1"]
[WhiteElo "2078"]
[BlackElo "1783"]
[PlyCount "106"]
[EventDate "2009.11.12"]
[EventType "swiss"]
[EventRounds "11"]
[EventCountry "TUR"]
[SourceTitle "EXT 2010"]
[Source "ChessBase"]
[SourceDate "2010.11.25"]
[SourceVersion "1"]
[SourceVersionDate "2010.11.25"]
[SourceQuality "1"]

1. e4 c5 2. Nf3 Nc6 3. c3 Nf6 4. e5 Nd5 5. d4 cxd4 6. cxd4 d6 7. Be2 g6 8. 0-0 Bg7 9. exd6 Qxd6 10. Nc3 Nxc3 11. bxc3 0-0 12. Be3 a6 13. Nd2 Bf5 14. Bf3 Rad8 15. Qb3 b5 16. a4 Na5 17. Qa2 b4 18. Qb2 Rb8 19. Rfd1 Rfc8 20. cxb4 Rxb4 21. Qa3 Bc2 22. Rdc1 Bxd4 23. Ne4 Qb6 24. Bxd4 Qxd4 25. Ra2 Rxa4 26. Qxa4 Bxa4 27. Rxc8+ Kg7 28. Rc1 Nb3 29. Re1 Qb4 30. Rb1 Qc4 31. Rab2 a5 32. h3 Nd4 33. Nd2 Qc3 34. Be4 f5 35. Ra2 fxe4 36. Rxa4 Qxd2 37. Rba1 Ne2+ 38. Kh1 Nf4 39. R4a2 Qd4 40. Kg1 e3 41. fxe3 Qxe3+ 42. Kh1 e5 43. Rxa5 e4 44. Ra7+ Kh6 45. R7a3 Qf2 46. R1a2 Qf1+ 47. Kh2 Ne2 48. Ra1 Qf4+ 49. Kh1 e3 50. Ra4 Ng3+ 51. Kg1 Qf2+ 52. Kh2 Nf1+ 53. Kh1 e2 0-1

[Event "Wch U16"]
[Site "Kemer"]
[Date "2009.11.16"]
[Round "5"]
[White "Iljiushenok, Ilia"]
[Black "Gor, Onur"]
[Result "1-0"]
[WhiteElo "2414"]
[BlackElo "1783"]
[PlyCount "49"]
[EventDate "2009.11.12"]
[EventType "swiss"]
[EventRounds "11"]
[EventCountry "TUR"]
[SourceTitle "EXT 2010"]
[Source "ChessBase"]
[SourceDate "2010.11.25"]
[SourceVersion "1"]
[SourceVersionDate "2010.11.25"]
[SourceQuality "1"]

1. e4 c5 2. Nf3 Nc6 3. Nc3 e6 4. d4 cxd4 5. Nxd4 Qb6 6. Ndb5 a6 7. Be3 Qa5 8. Nd6+ Bxd6 9. Qxd6 Nge7 10. Be2 0-0 11. 0-0 f5 12. f3 Ng6 13. exf5 Qxf5 14. Bd3 Qe5 15. Bc5 Rf7 16. Rfe1 Qh5 17. Rad1 Nge5 18. Bf1 b5 19. f4 Rxf4 20. Be2 Qg6 21. Rf1 Rxf1+ 22. Rxf1 h6 23. Rf8+ Kh7 24. Bd4 Nb4 25. Qxb4 1-0

[Event "Wch U16"]
[Site "Kemer"]
[Date "2009.11.12"]
[Round "1"]
[White "Straka, Jozef1111"]
[Black "Gor, Onur"]
[Result "0-1"]
[WhiteElo "2248"]
[BlackElo "1783"]
[PlyCount "73"]
[EventDate "2009.11.12"]
[EventType "swiss"]
[EventRounds "11"]
[EventCountry "TUR"]
[SourceTitle "EXT 2010"]
[Source "ChessBase"]
[SourceDate "2010.11.25"]
[SourceVersion "1"]
[SourceVersionDate "2010.11.25"]
[SourceQuality "1"]

1. d4 Nf6 2. c4 e6 3. Nf3 b6 4. g3 Bb7 5. Bg2 Be7 6. 0-0 0-0 7. Nc3 d6 8. Qc2 c5 9. Rd1 Nc6 10. dxc5 bxc5 11. Bf4 a6 12. Na4 Qc7 13. Nxc5 e5 14. Nxb7 exf4 15. Nd4 Nxd4 16. Rxd4 d5 17. Qb3 Rab8 18. cxd5 Bd6 19. gxf4 Rxb7 20. Qc3 Qb8 21. b3 Rc8 22. Rc4 Rbc7 23. e3 Qb5 24. Rc1 h6 25. Qd4 Rxc4 26. bxc4 Qc5 27. Qd2 g5 28. fxg5 hxg5 29. Qc2 Kg7 30. Qf5 Be7 31. Qxg5+ Kh7 32. Qf5+ Kg7 33. Kh1 Rh8 34. h3 Rh5 35. Qc2 Bd6 36. Rg1 Kf8 37. Qd3 0-1

[Event "Akhisar Manisa ol U16"]
[Site "Akhisar Manisa"]
[Date "2009.09.25"]
[Round "1"]
[White "Gor, Onur"]
[Black "Petrosyan, Tigran S"]
[Result "0-1"]
[WhiteElo "1784"]
[BlackElo "2073"]
[PlyCount "60"]
[EventDate "2009.09.25"]
[EventType "team-swiss"]
[EventRounds "10"]
[EventCountry "TUR"]
[SourceTitle "CBM 132 Extra"]
[Source "ChessBase"]
[SourceDate "2009.11.03"]
[SourceVersion "1"]
[SourceVersionDate "2009.11.03"]
[SourceQuality "1"]

1. d4 d5 2. c4 e6 3. Nc3 Nf6 4. Nf3 Nbd7 5. e3 c6 6. Bd3 Bd6 7. 0-0 0-0 8. e4 dxc4 9. Bxc4 e5 10. Bg5 h6 11. Bh4 Qe7 12. Re1 Rd8 13. Qe2 exd4 14. Nxd4 Nb6 15. Rad1 Nxc4 16. Qxc4 Bxh2+ 17. Kxh2 Ng4+ 18. Kg3 g5 19. Bxg5 hxg5 20. Nf3 Be6 21. Qe2 Qf6 22. Nxg5 Qxg5 23. f4 Qg7 24. f5 Ne3+ 25. Kf4 Nxd1 26. Nxd1 Rd2 27. Qh5 Rxg2 28. fxe6 fxe6 29. Ke3 Rd8 30. Nf2 Qd4+ 0-1